000 00881nam a22002177a 4500
999 _c10789
_d10789
003 AR-CdUCM
008 190402b ||||| |||| 00| 0 spa d
040 _aMUNICIPALIDAD PROVINCIAL DEL CUSCO
_cBIBLIOTECA MUNICIPAL DEL CUSCO
082 _a270.1 /
_bK26 / 1930
100 _aKautsky, K.
_927813
245 _aEl Cristianismo :
_bsus orígenes y fundamentos /
260 _aMéxico, D.F :
_bFrente Cultural,
_c1930.
300 _a543 páginas ;
_c22 cm.
505 _aContenido: La personalidad de Jesús -- La sociedad romana en la época del imperio -- Los judíos -- Los principios del cristianismo -- Breve historia del cristianismo hasta 1930 -- Los orígenes (siglo I-XIII) ...
650 _aIglesia Católica
_93151
650 _aHistoria
_9136
650 _aVida y costumbres sociales
_9857
700 _aHoutin, Albert
_927814
942 _2ddc
_cLIBROS
945 _aacv